Problematyka warsztatowa chrzcielnicy z Elbląga

Titel: Problematyka warsztatowa chrzcielnicy z Elbląga / Monika Jakubek
Verfasser:
In: Rzemiosło artystyczne, (2001), Seite 31-51
alle Artikel anzeigen
Veröffentlicht: 2001
Umfang: 17 Illustrationen [6 S. Tabl.]
Format: Aufsatz
Sprache: Polnisch
Schlagworte:
Kein Bild verfügbar
X
alg: 39385225
001A    $01999:12-11-16 
001B    $03025:03-06-24 $t09:24:06.000 
001D    $01999:12-11-16 
001U    $0utf8 
001X    $00 
002@    $0Aox 
003@    $0393852253 
007A    $0393852253 $aHEB 
007T    $0Herdk24907 
010@    $apol 
011@    $a2001 
021A    $aProblematyka warsztatowa chrzcielnicy z Elbląga $hMonika Jakubek 
028A    $BVerfasser $#Raczkowska, Monika Jakubek- $4aut $71063223563 $8Jakubek-Raczkowska, Monika$Z1976- [Tp1] $9351171142 
031A    $h31-51 $j2001 
034M    $a17 Illustrationen [6 S. Tabl.] 
039B    $aIn $8--Aax--. Rzemiosło artystyczne. - Warszawa : Stow. Historyków Sztuki, 2001. - ss. 406, tabl. 88 $x200100000000000969 $9395576504 
044K    $RElbing $#Elbing $#Elbing Elbląg $71028071-6 $8Elbląg [Tg1] $9042042631 
045F    $a307.094382 $eDDC23BSB 
045F/01 $a307.09 
045F/03 $g4382 
045F/03 $g43832 

lok: 39385225 78

exp: 39385225 78 1 #EPN
201B/01 $020-12-17 $t22:59:17.000 
201U/01 $0utf8 
203@/01 $0789962764 
208@/01 $a12-11-16 $be 
209A/01 $a/ $f000 $x00 
220C/01 $aTitelaufnehmer: pbb 
220C/01 $aHerkunft: IH PAN/PBB Kraków;UMK/BU Toruń 
244Z/01 $2Trx $#Prusy Wschodnie i Zachodnie $8--Trx--Ost- und Westpreußen $x01 $939113373X 
244Z/01 $#Elbing $#Elbing Elbląg $71028071-6 $8--Tg1--Elbląg $x02 $9042042631 
244Z/01 $aGeschichte 1000-2000 $x03 
244Z/01 $2Trx $#kunst, sakraalne $#sakralinis menas $#Art, sacred $#müvészet, szakrális $#sztuka sakralna $#umenie sakrálne $#umění sakrální $8--Trx--Kunst, sakrale $x04 $9391354639 
244Z/01 $2Trx $#käsitöö, kunstiline $#dailieji amatai $#handicrafts $#kézmüvesség $#rzemiosło artystyczne $#remeslo umelecké $#řemeslo umělecké $8--Trx--Kunsthandwerk $x05 $9391382713 
244Z/01 $2Trx $8--Trx--Einzelbeiträge $x06 $9391384570 
245Z/01 $a13.03 $x01 
245Z/01 $a11.10 $x02 
247C/01 $82080>Marburg/Lahn, Herder-Institut, Forschungsbibliothek, Bibliographieportal $9336309341
LEADER 00000caa a22000002c 4500
001 393852253
003 DE-603
005 20240603092406.0
007 tu
008 161112s2001 xx |||| | u00||u|pol c
035 |a (DE-599)HEB393852253 
040 |a DE-603  |b ger  |c DE-603  |d DE-603 
041 |a pol 
082 0 4 |8 1\u  |a 307.094382  |q DE-101  |2 23/BSB 
085 |8 1\u  |b 307.09 
085 |8 1\u  |z 2  |s 4382 
085 |8 1\u  |z 2  |s 43832 
100 1 |a Jakubek-Raczkowska, Monika  |d 1976-  |e Verfasser  |4 aut  |0 (DE-603)351171142  |0 (DE-588)1063223563  |2 gnd 
245 0 0 |a Problematyka warsztatowa chrzcielnicy z Elbląga  |c Monika Jakubek 
264 0 |c 2001 
300 |b 17 Illustrationen [6 S. Tabl.] 
651 7 |a Elbląg  |0 (DE-588)1028071-6  |0 (DE-603)042042631  |2 gnd 
773 0 8 |i In  |t Rzemiosło artystyczne  |d Warszawa : Stow. Historyków Sztuki, 2001  |h ss. 406, tabl. 88, 8°  |g (2001), Seite 31-51  |w (DE-603)395576504 
924 0 |9 2080  |a (DE-603)789962764  |b DE-2080  |c HES  |d d  |g /